Japan Occupation During WWII - Statistics

General Stats
  • This quiz has been taken 268 times
  • The average score is 16 of 20
Answer Stats
Years of Occupation Country % Correct
1932-1945 China
99%
1910-1945 South Korea
92%
1943-1945 Vietnam
92%
1942-1945 Indonesia
91%
1910-1945 North Korea
91%
1943-1945 Laos
90%
1895-1945 Taiwan
90%
1942-1945 Malaysia
88%
1941-1945 Cambodia
87%
1942-1945 Singapore
87%
1905-1945 Russia
85%
1942-1945 Philippines
79%
1943-1945 India
76%
1942-1945 Brunei
74%
1943-1945 Myanmar
70%
1919-1947 Palau
66%
1919-1947 Marshall Islands
65%
1919-1947 Micronesia
65%
1943-1945 East Timor
61%
1941-1944 Kiribati
52%
No matching quizzes found
Score Distribution
Percent of People with Each Score
Percentile by Number Answered
Your Score History
You have not taken this quiz